Market milk
Furkejuvvon:
| Váldodahkkit: | , |
|---|---|
| Materiálatiipa: | Girji |
| Giella: | eaŋgalasgiella |
| Almmustuhtton: |
Nueva York
John Wiley
1923
|
| Fáttát: | |
| Fáddágilkorat: |
Lasit fáddágilkoriid
Eai fáddágilkorat, Lasit vuosttaš fáddágilkora!
|
MARC
| LEADER | 00000nam a2200000 a 4500 | ||
|---|---|---|---|
| 001 | UCU6451 | ||
| 003 | CL-VaPUC | ||
| 008 | 960621e19230000US |||||||||||||||||eng|d | ||
| 082 | 0 | 4 | |a 637.14 |b KEL |2 21 |
| 100 | 0 | |a Kelly, Ernest |e author |9 364633 | |
| 700 | 0 | |a Clement, Clarence E |e author |9 364634 | |
| 245 | 1 | 0 | |a Market milk |
| 300 | |a 445 p | ||
| 942 | |c BK | ||
| 945 | |d 19960621 00:00:00 |a cmena | ||
| 260 | |a Nueva York |b John Wiley |c 1923 | ||
| 650 | 0 | |a Leche |9 259848 | |
| 650 | 0 | |a Productos lácteos |9 259521 | |
| 650 | 0 | |a Alimentos |9 256203 | |
| 650 | 0 | |a Industria alimentaria |9 331702 | |
| 650 | 7 | |a TECNOLOGIA DE ALIMENTOS |2 CL-VaPUC |9 364635 | |
| 583 | |a last modification |c 19960621 00:00:00 |k Rodrigo Vera | ||
| 999 | |c 249356 |d 249354 | ||